<?xml version="1.0" encoding="UTF-8"?>
<record
    xmlns:xsi="http://www.w3.org/2001/XMLSchema-instance"
    xsi:schemaLocation="http://www.loc.gov/MARC21/slim http://www.loc.gov/standards/marcxml/schema/MARC21slim.xsd"
    xmlns="http://www.loc.gov/MARC21/slim">

  <leader>00486nam a2200169Ia 4500</leader>
  <controlfield tag="008">230718s9999    xx            000 0 und d</controlfield>
  <datafield tag="020" ind1=" " ind2=" ">
    <subfield code="a">9780749468620</subfield>
  </datafield>
  <datafield tag="041" ind1=" " ind2=" ">
    <subfield code="a">eng</subfield>
  </datafield>
  <datafield tag="082" ind1=" " ind2=" ">
    <subfield code="a">658.4'092</subfield>
    <subfield code="b">PUL</subfield>
  </datafield>
  <datafield tag="100" ind1=" " ind2=" ">
    <subfield code="a">Pullan P.</subfield>
    <subfield code="9">195507</subfield>
  </datafield>
  <datafield tag="245" ind1=" " ind2=" ">
    <subfield code="a">Business Analysis And Leadership</subfield>
    <subfield code="b">Influencing Change</subfield>
  </datafield>
  <datafield tag="260" ind1=" " ind2=" ">
    <subfield code="c">2013</subfield>
    <subfield code="b">Kogan Page</subfield>
  </datafield>
  <datafield tag="300" ind1=" " ind2=" ">
    <subfield code="a">265</subfield>
  </datafield>
  <datafield tag="365" ind1=" " ind2=" ">
    <subfield code="c">Rs.</subfield>
    <subfield code="b">995.00</subfield>
  </datafield>
  <datafield tag="700" ind1=" " ind2=" ">
    <subfield code="a">Pullan P. &amp; Archer J.</subfield>
    <subfield code="9">195508</subfield>
  </datafield>
  <datafield tag="906" ind1=" " ind2=" ">
    <subfield code="d">O:0368424-Jan-2014B:26912-Oct-2013</subfield>
    <subfield code="c">GENRL</subfield>
    <subfield code="b">218.9</subfield>
  </datafield>
  <datafield tag="999" ind1=" " ind2=" ">
    <subfield code="c">334985</subfield>
    <subfield code="d">334985</subfield>
  </datafield>
  <datafield tag="952" ind1=" " ind2=" ">
    <subfield code="0">0</subfield>
    <subfield code="1">0</subfield>
    <subfield code="4">0</subfield>
    <subfield code="7">0</subfield>
    <subfield code="a">CCEP</subfield>
    <subfield code="b">CCEP</subfield>
    <subfield code="d">2014-01-24</subfield>
    <subfield code="e">Varma Book Distributors</subfield>
    <subfield code="f">GENRL</subfield>
    <subfield code="g">776.10</subfield>
    <subfield code="i">269</subfield>
    <subfield code="l">0</subfield>
    <subfield code="o">658.4'092</subfield>
    <subfield code="p">CCEP-BK-46192</subfield>
    <subfield code="r">2023-07-18 00:00:00</subfield>
    <subfield code="t">218.9</subfield>
    <subfield code="v">995.00</subfield>
    <subfield code="w">2013-10-12</subfield>
    <subfield code="y">BK</subfield>
    <subfield code="z">046192</subfield>
  </datafield>
</record>
